00367nam a2200145Ia 4500008004100000020001500041041001200056100001800068245005100086250000800137260004000145300000800185650001400193700001400207221030s9999 xx 000 0 und d a0070702039 aEnglish aA. S. Godbole 0aOperating Systemscby A. S. Godbole, A. Kahate a3rd bMcGraw - Hill Pub.aNew Delhic2014 a665 aComputers aA. Kahate